000 00207nam a22000857a 4500
008 160809b xxu||||| |||| 00| 0 eng d
100 _974
_aKidz Om
245 _aBedtime Stories
260 _aNew Delhi
_bOm Kidz
_c2012
999 _c2728
_d2728